| 000 -LEADER |
| fixed length control field |
00562cam a22001697a 4500 |
| 008 - FIXED-LENGTH DATA ELEMENTS--GENERAL INFORMATION |
| fixed length control field |
180718b2008 xxu||||| |||| 00| 0 eng d |
| 020 ## - INTERNATIONAL STANDARD BOOK NUMBER |
| International Standard Book Number |
9780199231430 |
| 082 ## - DEWEY DECIMAL CLASSIFICATION NUMBER |
| Classification number |
T1 Eb66 |
| 245 ## - TITLE STATEMENT |
| Title |
The institutions of the market: organizations, social systems, and governance |
| Statement of responsibility, etc. |
edited by Alexander Ebner and Nikolaus Beck |
| 260 ## - PUBLICATION, DISTRIBUTION, ETC. |
| Place of publication, distribution, etc. |
New Delhi |
| Name of publisher, distributor, etc. |
Oxford Univ. Press |
| Date of publication, distribution, etc. |
2008 |
| 300 ## - PHYSICAL DESCRIPTION |
| Extent |
412p. |
| 650 ## - SUBJECT ADDED ENTRY--TOPICAL TERM |
| Topical term or geographic name entry element |
Economics - Social aspects |
| 650 ## - SUBJECT ADDED ENTRY--TOPICAL TERM |
| Topical term or geographic name entry element |
Evolutionary economics |
| 650 ## - SUBJECT ADDED ENTRY--TOPICAL TERM |
| Topical term or geographic name entry element |
Institutional economics |
| 700 ## - ADDED ENTRY--PERSONAL NAME |
| Personal name |
Beck, Nikolous |
| 700 ## - ADDED ENTRY--PERSONAL NAME |
| Personal name |
Ebner, Alexander |